A kisebbségi autonómia játékteréről
Elmentve itt :
| Szerző: | |
|---|---|
| Adatforrás: | Philobibl |
| Forrásdokumentuma: | A Hét, 1994, 13.sz 5-6 p. p. |
| Dokumentumtípus: | Cikk |
| Nyelv: | magyar |
| LEADER | 00281nab a2200097 c 4500 | ||
|---|---|---|---|
| 001 | bibDOK00018944 | ||
| 005 | 20200924121259.2 | ||
| 008 | 060518s1994 xx hun | ||
| 100 | 1 | |a Tamás Pál | |
| 245 | 1 | 2 | |a A kisebbségi autonómia játékteréről |c Tamás Pál |
| 773 | 0 | |t A Hét, 1994, 13.sz |g 5-6 p. p. | |